000
00262nam a22001217a 4500
003
SGT
082
_a
336.24
_b
IYE
100
_a
IYENGAR ,SAMPATH
245
_a
LAW OF INCOME TAX
260
_a
CALCUTTA
_b
EASTERN LAW HOUSE
_c
1963
300
_a
1868
942
_2
ddc
_c
BK
999
_c
20761
_d
20761